| 000 | 00825na a2200277 4500 | ||
|---|---|---|---|
| 001 | 12664 | ||
| 003 | MIRAKIL | ||
| 005 | 20181213154805.0 | ||
| 008 | 160821b tu 000 0 | ||
| 035 | _a12664 | ||
| 040 |
_aMilas _btur _cTR-AnCHP |
||
| 082 |
_a301.01 _bG64i 1977 |
||
| 090 | _a301.01 G64i 1977 | ||
| 100 | _aGoldmann, Lucien | ||
| 245 |
_aİnsan bilimleri ve felsefe _cLucien Goldmann ; Çeviren Afşar Timuçin, Füsun Aynuksa |
||
| 260 |
_aİstanbul _bKavram Yayınları _c1977 |
||
| 300 |
_a140 s. _c20 sm. |
||
| 490 |
_aBilim ve Felsefe dizisi _v4 |
||
| 490 |
_aKavram yayınları _v6 |
||
| 500 | _aÖzgün yapıt adı : Sciences humaines et philosophie | ||
| 650 |
_aİnsan bilimleri _xFelsefe |
||
| 650 | _aFelsefe | ||
| 700 | _aAynuksa, Füsun | ||
| 700 | _aTimuçin, Afşar | ||
| 942 |
_2ddc _cBKS |
||
| 999 |
_c894 _d894 |
||